000 00277nam a22001337a 4500
008 181017b xxu||||| |||| 00| 0 eng d
020 _a9780156016933
041 _aeng
080 _a510
100 _a37
101 _aMAT
245 _aTrigometry
_cJmaes.C
942 _2udc
_cBK
999 _c50003
_d50003